Management of land and sea resources - what's new : (Record no. 122328)

MARC details
000 -LEADER
fixed length control field 01362nam a2200361 i 4500
001 - CONTROL NUMBER
control field 990196978710107026
003 - CONTROL NUMBER IDENTIFIER
control field UkOxU
005 - DATE AND TIME OF LATEST TRANSACTION
control field 20260316110155.0
008 - FIXED-LENGTH DATA ELEMENTS--GENERAL INFORMATION
fixed length control field 140514s2013 enkab 000 0 eng d
020 ## - INTERNATIONAL STANDARD BOOK NUMBER
ISBN 9780956414731
Qualifying information paperback
035 ## - SYSTEM CONTROL NUMBER
System control number (UkOxU)019697871
035 ## - SYSTEM CONTROL NUMBER
System control number (UkOxU)019697871BIB01
035 ## - SYSTEM CONTROL NUMBER
System control number (StEdNL)5153767
035 ## - SYSTEM CONTROL NUMBER
System control number (UkLoRLUK)705153767
038 ## - RECORD CONTENT LICENSOR
Record content licensor UkLoRLUK
040 ## - CATALOGING SOURCE
Original cataloging agency StEdNL
041 ## - LANGUAGE CODE
Language code of text/sound track or separate title eng
111 2# - MAIN ENTRY--MEETING NAME
Meeting name Conference of the Commonwealth Association of Surveying and Land Economy
Date of meeting (2013 :
Location of meeting University of Glasgow, Scotland)
245 10 - TITLE STATEMENT
Title Management of land and sea resources - what's new :
Subtitle proceedings of the Glasgow 2013 conference of the Commonwealth Association of Surveying and Land Economy, University of Glasgow, Scotland 8th - 10th July, 2013.
264 #1 - PRODUCTION, PUBLICATION, DISTRIBUTION, MANUFACTURE, AND COPYRIGHT NOTICE
Place of production, publication, distribution, manufacture Bristol :
Name of producer, publisher, distributor, manufacturer Commonwealth Association of Surveying and Land Economy (CASLE),
Date of production, publication, distribution, manufacture, or copyright notice 2013.
264 #4 - PRODUCTION, PUBLICATION, DISTRIBUTION, MANUFACTURE, AND COPYRIGHT NOTICE
Date of production, publication, distribution, manufacture, or copyright notice ©2013
300 ## - PHYSICAL DESCRIPTION
Physical description 1 volume :
Other physical details illustrations, maps ;
Dimensions 21 cm
500 ## - GENERAL NOTE
General note Title from cover.
504 ## - BIBLIOGRAPHY, ETC. NOTE
Bibliography, etc Includes bibliographical references.
650 #0 - KEYWORDS
Keywords Land use
650 #0 - KEYWORDS
Keywords Marine resources
651 ## - SUBJECT ADDED ENTRY--GEOGRAPHIC NAME
Geographic name United Kingdom
710 2# - ADDED CORPORATE NAME
Added corporate author Commonwealth Association of Surveying and Land Economy,
Relator term issuing body.
942 ## - ADDED ENTRY ELEMENTS (KOHA)
Suppress in OPAC Do not suppress in OPAC
336 ## - CONTENT TYPE
Content type term text
Source rdacontent
337 ## - MEDIA TYPE
Media type term unmediated
Source rdamedia
338 ## - CARRIER TYPE
Carrier type term volume
Source rdacarrier
Holdings
Lost status Damaged status Not for loan Home library Current library Shelving location Date acquired Total Checkouts Full call number Date last seen Price effective from Koha item type
      London London Basement 16/03/2026   BASEMENT CONFERENCES 16/03/2026 16/03/2026 Book